[Event "CRI-chT"]
[Site "San Jose"]
[Date "2012.07.27"]
[Round "6.4"]
[White "Montenegro, Esteban"]
[Black "Fonseca Cabrera, Ernesto Gregorio"]
[Result "1/2-1/2"]
[WhiteElo "1986"]
[BlackElo "2211"]
[PlyCount "124"]
[EventDate "2012.07.22"]
[EventType "team-tourn"]
[EventRounds "9"]
[EventCountry "CRI"]
[SourceTitle "EXT 2013"]
[Source "ChessBase"]
[SourceDate "2012.11.22"]
[SourceVersion "1"]
[SourceVersionDate "2012.11.22"]
[SourceQuality "1"]
[WhiteTeam "Costa Rica Univ"]
[BlackTeam "Construterra"]
[WhiteTeamCountry "CRI"]
[BlackTeamCountry "CRI"]

1. d4 Nf6 2. c4 c6 3. Nc3 d5 4. Nf3 e6 5. cxd5 exd5 6. Bg5 Be7 7. Qc2 g6 8. e3 Bf5 9. Bd3 Bxd3 10. Qxd3 0-0 11. 0-0 Re8 12. Nd2 Nbd7 13. Rfe1 Nf8 14. Bxf6 Bxf6 15. b4 Qd6 16. b5 c5 17. dxc5 Qxc5 18. Rac1 Red8 19. Nb3 Qd6 20. Red1 Bxc3 21. Qxc3 a6 22. Nd4 axb5 23. Nxb5 Qb6 24. Qb3 Ra5 25. Nc3 Qxb3 26. axb3 Rc5 27. Ne2 Rxc1 28. Rxc1 Ne6 29. Rd1 Ra8 30. g3 Ra3 31. Rd3 Ra1+ 32. Kg2 Rb1 33. Nf4 Nxf4+ 34. gxf4 Kf8 35. f5 Ke7 36. fxg6 hxg6 37. Kf3 Ke6 38. Rc3 f6 39. h3 Ke5 40. h4 b5 41. Rd3 f5 42. Kg2 Kd6 43. Kf3 Ke5 44. Kg2 b4 45. Kf3 Rb2 46. Kg3 Kd6 47. f3 Kc5 48. Kf4 Rf2 49. Ke5 Rxf3 50. Rxd5+ Kc6 51. Rd6+ Kc5 52. Rd5+ Kc6 53. Rd6+ Kc5 54. Rxg6 Rxe3+ 55. Kxf5 Rxb3 56. h5 Rh3 57. Rg5 Kc4 58. Kg6 b3 59. Rg2 Kb4 60. h6 Ka3 61. h7 Rxh7 62. Kxh7 b2 1/2-1/2

[Event "CRI-ch Phase 1.1"]
[Site "San Jose"]
[Date "2009.02.02"]
[Round "2"]
[White "Montenegro, Esteban"]
[Black "Carvajal Gorgona, Jonathan G"]
[Result "0-1"]
[WhiteElo "2013"]
[BlackElo "2175"]
[PlyCount "82"]
[EventDate "2009.01.31"]
[EventType "swiss"]
[EventRounds "9"]
[EventCountry "CRI"]
[SourceTitle "EXT 2024"]
[Source "ChessBase"]
[SourceDate "2023.10.10"]
[SourceVersion "1"]
[SourceVersionDate "2023.10.10"]
[SourceQuality "1"]

1. d4 d5 2. c4 c6 3. Nc3 Nf6 4. Bg5 dxc4 5. e4 b5 6. e5 Nd5 7. a4 Nxc3 8. bxc3 Qc7 9. Qf3 Bb7 10. e6 fxe6 11. Bf4 Qc8 12. Qh5+ g6 13. Qe5 Rg8 14. axb5 Bg7 15. Qc5 Nd7 16. Qxc4 Rf8 17. bxc6 Bxc6 18. Bd2 Qb7 19. f3 e5 20. Nh3 Rc8 21. Qa6 exd4 22. Qxb7 Bxb7 23. Rxa7 Bc6 24. c4 Rb8 25. Ng5 Rb1+ 26. Kf2 Rb2 27. Ke1 Rf5 28. Bd3 Re5+ 29. Kd1 Rxd2+ 30. Kxd2 Rxg5 31. Bf1 Rc5 32. Be2 Ne5 33. Re1 Bf6 34. f4 Nxc4+ 35. Bxc4 Rxc4 36. g4 g5 37. fxg5 Bxg5+ 38. Kd3 Rc3+ 39. Kxd4 Bf6+ 40. Re5 Rc1 41. Raa5 Re1 0-1